|
|
|
|
| LEADER |
00992nam a22002177a 4500 |
| 001 |
AAL7122 |
| 003 |
BD-DhAAL |
| 005 |
20160206200456.0 |
| 008 |
160206s 2004bg ||||| |||| 00| 0 ben d |
| 040 |
|
|
|a BD-DhAAL
|c BD-DhAAL
|
| 082 |
|
|
|a 323
|
| 100 |
|
|
|a ইসলাম, মোঃ শহীদুল
|9 17762
|
| 245 |
|
|
|a মানবাধিকার তত্ত্ব-তথ্য /
|c মোঃ শহীদুল ইসলাম
|
| 260 |
|
|
|a ঢাকা :
|b পলওয়েল প্রিন্টিং প্রেস,
|c ২০০৪.
|
| 300 |
|
|
|a ২১৯ পৃ. :
|c ২২ সে.মি.
|
| 541 |
|
|
|e 7122
|
| 650 |
|
|
|a Human rights
|9 17763
|
| 942 |
|
|
|2 ddc
|c BK
|
| 999 |
|
|
|c 36781
|d 36781
|
| 952 |
|
|
|0 0
|1 0
|2 ddc
|4 0
|6 323_000000000000000_ISL
|7 0
|9 57878
|a SCL
|b SCL
|c GEN
|d 2016-02-06
|g 300.00
|l 0
|o 323 ISL
|p 3020007122
|r 2016-02-06
|t 1
|w 2016-02-06
|y BK
|
| 952 |
|
|
|0 0
|1 0
|2 ddc
|4 0
|6 323_000000000000000_ISL
|7 0
|9 57879
|a SCL
|b SCL
|c GEN
|d 2016-02-06
|g 300.00
|l 0
|o 323 ISL
|p 3020007121
|r 2016-02-06
|t 2
|w 2016-02-06
|y BK
|